000 01163cam a22001694a 4500
005 20250605163654.0
008 250528s ||||||||||||||||||||||||d
035 _a24012
040 _aGR-AtMCL
_bgre
_dGR-AtMCL
_eAACR2
245 1 _aSupply Chain and Logistics / Το Περιοδικό για την Εφοδιαστική Αλυσίδα
260 _bParametros Group
_bScl Magazine,
_c2018
300 _a80
520 _aΡάφια για Όλες τις Ανάγκες της Σύγχρονης Αποθήκης, 5 Ιδέες για να Μειώσετε το Κόστος Περιτύλιξης Παλετών με Stretch Film, Η Βελτίωση των Εξαγωγών Καθορίζεται από την Ανάπτυξη των Logistics: Απαραίτητη η Συνεργασία των Κλάδων, Greek Spirit is Everywhere: Γνωρίστε του Έλληνες Logisticians του Εξωτερικού, Cargo Plus Επικαιρότητα: Άνω Κάτω η Αγορά Οδικής Μεταφοράς για τους Αποσπασμένους Εργαζομένους.
942 _cCR
999 _c8915
_d8915